Serious Trans Vibes

Guardat en:
Dades bibliogràfiques
Autor principal: Labelle, Sophie
Format: Llibre
Idioma:anglès
Publicat: Assigned Male Comics 2018
Etiquetes: Afegir etiqueta
Sense etiquetes, Sigues el primer a etiquetar aquest registre!

MARC

LEADER 00000nam a2200000 4500
005 20241023163408.0
008 241023b |||||||| |||| 00| 0 eng d
040 |c GP 
100 |a Labelle, Sophie 
245 |a Serious Trans Vibes 
260 |b Assigned Male Comics  |c 2018 
942 |2 ddc  |c BK  |n 0 
952 |0 0  |1 0  |2 ddc  |4 0  |6 741_000000000000000_LAB  |7 1  |9 2149  |a RM  |b RM  |d 2024-10-23  |l 0  |o 741 LAB  |p 797  |r 2024-10-23 16:34:26  |w 2024-10-23  |y BK 
999 |c 1889  |d 1889